000 00464nam a22001937a 4500
003 LK-CoDNM
005 20250206104215.0
008 250131b |||||||| |||| 00| 0 eng d
040 _aLK-CoDNM
_dLK-CoDNM
_eLK-CoDNM
041 _aeng
080 _a138
100 _aBaxter,js
245 _aAids to Surgical anatomy
250 _atenth
260 _alondon
_bbailliere tindall and cox
_c1950
300 _a180p. ; 24 cm
650 _ascience
942 _cBK
999 _c237918
_d237918